| 000 | 00605nam a2200217 i 4500 | ||
|---|---|---|---|
| 001 | bgj | ||
| 245 | 1 | 0 |
_aThe Gardener's Home Companion / _cBetty MacKey [et all.] ; Philip Lief Group. |
| 260 |
_aNew York [etc.] : _bMacmillan Publishing Company, _cc. 1991. |
||
| 300 |
_axv, 651 pp : _bill. ; _c25 cm. |
||
| 505 | _aIncludes index. | ||
| 650 | 9 | _aGardening | |
| 651 | 9 | _aUnited States | |
| 700 | 1 | _aMACKEY, Betty | |
| 710 | p | 0 | _aPHILIP LIEF GROUP |
| 020 | _a0025780352 | ||
| 040 | _cBPK | ||
| 041 | 0 | _aeng | |
| 920 | _a0-02-578035-2 | ||
| 942 | _cKS | ||
| 008 | s uk f |000 0 eng | ||
| 999 |
_c47546 _d47546 |
||